Normal view
MARC view
Entry Topical Term
001 - CONTROL NUMBER
- control field: 10386
003 - CONTROL NUMBER IDENTIFIER
- control field: PK-LaUMT
005 - DATE AND TIME OF LATEST TRANSACTION
- control field: 20260406094151.0
008 - FIXED-LENGTH DATA ELEMENTS
- fixed length control field: 260406|| aca||aabn | a|a d
040 ## - CATALOGING SOURCE
- Original cataloging agency: PK-LaUMT
- Transcribing agency: PK-LaUMT
150 ## - HEADING--TOPICAL TERM
- Topical term or geographic name as entry element: Dairy products in human nutrition
670 ## - SOURCE DATA FOUND
- Source citation: Work cat.: (PK-LaUMT)81646: Milk and dairy products in human nutrition :, 2013
